Statistics for Top 10 Champions League goal scorers by season (PART 1)

Click here to take the quiz!

General Stats

  • This quiz has been taken 18 times
  • The average score is 61 of 100

Answer Stats

HintAnswer% Correct
Barcelona - ArgentinaMessi
100%
Real Madrid - SpainRaul
100%
Man United - Portugal | Real Madrid - BrazilRonaldo
100%
Arsenal - France | Barcelona - FranceHenry
93%
Barcelona - BrazilRivaldo
93%
Milan - UkraineShevchenko
93%
Chelsea - Ivory Coast | Marseille - Ivory CoastDrogba
86%
Inter - SwedenIbrahimovic
86%
Man United - Netherlands | Real Madrid - NetherlandsVan Nistelrooy
86%
Barcelona - CameroonEtoo
79%
Liverpool - EnglandGerrard
79%
Barcelona - NetherlandsKluivert
79%
Monaco - Spain | Valencia - SpainMorientes
79%
Barcelona - BrazilRonaldinho
79%
Liverpool - SpainTorres
79%
Juventus - FranceTrezeguet
79%
Arsenal - NetherlandsVan Persie
79%
Arsenal - TogoAdebayor
71%
Inter - BrazilAdriano
71%
Inter - Argentina | Milan - ArgentinaCrespo
71%
Juventus - ItalyDel Piero
71%
Juventus - Italy | Lazio - Italy | Milan - ItalyInzaghi
71%
Roma - ItalyTotti
71%
Lyon - FranceBenzema
64%
Milan - BrazilKaka
64%
Man United - IrelandKeane
64%
Newcastle - EnglandShearer
64%
Man United - NorwaySolskjaer
64%
Bayern - BrazilElber
57%
Lyon - BrazilJuninho
57%
Sevilla - MaliKanoute
57%
Dortmund - Czech RepublicKoller
57%
Bayern - Netherlands | Deportivo - NetherlandsMakaay
57%
Valencia - SpainVilla
57%
Bayern - GermanyKlose
50%
Liverpool - NetherlandsBabel
43%
Galatasaray - Brazil | Porto - BrazilJardel
43%
Man United - FranceSaha
43%
Man United - EnglandScholes
43%
Deportivo - SpainTristan
43%
Liverpool - EnglandCrouch
36%
Chelsea - NorwayFlo
36%
Barcelona - ArgentinaSaviola
36%
Galatasaray - TurkeySukur
36%
Deportivo - UruguayPandiani
29%
Monaco - CroatiaPrso
29%
Lyon - FranceWiltord
29%
Leverkusen - GermanyBallack
21%
Werder Bremen - FranceMicoud
21%
Werder Bremen - CroatiaKlasnic
14%
Panathinaikos - GreeceKonstantinou
14%
Barcelona - SpainLuis Enrique
14%
Inter - NigeriaObafemi Martins
14%
Monaco - ItalySimone
14%
Leeds - EnglandBowyer
7%
Lazio - ArgentinaClaudio Lopez
7%
Fenerbahce - BrazilDeivid
7%
Steaua - RomaniaDica
7%
Real Madrid - SpainHelguera
7%
Udinese - ItalyIaquinta
7%
Porto - ArgentinaLisandro Lopez
7%
Bayern - BrazilPaulo Sergio
7%
Dinamo Kyiv - UkraineRebrov
7%
Ajax - BelgiumSonck
7%
Fenerbahce - TurkeySanli
0%

Score Distribution

Percentile by Number Answered

Percent of People with Each Score

Your Score History

You have not taken this quiz